00362nam a2200157Ia 45000010006000000050017000060080041000230410008000640820015000721000023000872450036001102600009001463000033001556500008001886540008001961351320260306164806.0260306t2010||||xx |||||||||||||| ||spa|| aESP a004.6bG91 aGuichard, JimeAUT 0aDefinitive MPLS network designs c2010 axxv, 516 páginas :c23 cm. aGEN aCCC